Estatísticas para Estados Brasileiros sem Litoral

Clique aqui para jogar o quiz

Estatísticas Gerais

  • Esse quiz foi jogado 105 vezes
  • A pontuação média é 9 de 10

Estatísticas das Respostas

Answer % Correct
Mato Grosso
99%
Goiás
98%
Acre
97%
Mato Grosso do Sul
97%
Minas Gerais
93%
Tocantins
93%
Rondônia
92%
Roraima
92%
Amazonas
90%
Distrito Federal
89%

Distribuição das Pontuações

Percentil de Números Respondidos

Porcentagem de Pessoas com Cada Pontuação

Sua Pontuação Histórica

Você não jogou esse quiz